000 01281ngm a22003010a 4500
001 PT40544
003 AR-LpoUNG
005 20210201235904.0
007 vd cvaizq
008 191001s2010||||ag |||||||||||||||||spa d
040 _aAR-LpoUNG
_bspa
_cAR-LpoUNG
_eaacr
041 _aspa
_aeng
_apor
044 _aag
082 0 _a808.068.8 612mun
245 1 0 _aMis amigos Tigger y Pooh :
_bel mundo que nos rodea = my friends Tigger and Omy friends Tigger and Pooh world around us
260 _aBuenos Aires :
_bWalt Disney,
_c2010.
300 _aDVD (75 min.) : son., col.
505 0 _aHecha en 2010. - Doblada en Inglés Portugués y Español. - Subtitulada en Inglés Portugués y Español.
520 _aAcompaña a Pooh y la pandillamientras tratan de desenredar algunos de los enigmas más misteriosos de la naturaleza. Ayúdales a investigar por qué las abejas desaparecieron de repente del Bosque de los CienAcres. Experimenta con imanesy luz para buscar un tesoroenterrado, resuelve la misteriosa desaparición de la sombra de Tigger y vive otras emocionantesaventuras.
653 _aAVENTURA
653 _aDVD
653 _aVIDEOS
653 _aVIDEOS DIDACTICOS
653 _aVIDEOS INFANTILES
710 2 _aWalt Disney
905 _a40544
942 _cDVD
999 _c53710
_d53710